[Event "Noisiel op 5th"]
[Site "Noisiel"]
[Date "2020.02.18"]
[Round "6"]
[White "Galan, Francois"]
[Black "Dorval, Olivier"]
[Result "1/2-1/2"]
[WhiteElo "2025"]
[BlackElo "1883"]
[PlyCount "143"]
[EventDate "2020.02.15"]
[EventType "swiss"]
[EventRounds "9"]
[EventCountry "FRA"]
[SourceTitle "CBM 195 Extra"]
[Source "ChessBase"]
[SourceDate "2020.05.31"]
[SourceVersion "1"]
[SourceVersionDate "2020.05.31"]
[SourceQuality "1"]

1. e4 e6 2. d4 d5 3. Nc3 Nf6 4. Bg5 Be7 5. e5 Nfd7 6. Bxe7 Qxe7 7. f4 a6 8. Nf3 c5 9. dxc5 Nxc5 10. Bd3 Nc6 11. 0-0 Nxd3 12. cxd3 b5 13. Rc1 Bb7 14. d4 g6 15. Rf2 Rc8 16. a4 b4 17. Nb1 0-0 18. Rfc2 Nb8 19. Rxc8 Rxc8 20. Rxc8+ Bxc8 21. Qc2 Qd7 22. Nbd2 Qc6 23. Qxc6 Nxc6 24. Nb3 Kf8 25. Nc5 Ke7 26. Kf2 h6 27. g4 a5 28. b3 Kf8 29. Ke3 Ke7 30. h4 Kf8 31. Ne1 Kg7 32. Ng2 f5 33. exf6+ Kxf6 34. g5+ Kg7 35. Ne1 Ne7 36. Nf3 h5 37. f5 Nxf5+ 38. Kf4 Kf8 39. Ke5 Kf7 40. Nd3 Bd7 41. Kf4 Ke7 42. Nc5 Bc8 43. Ke5 Kf7 44. Nd3 Bd7 45. Nf4 Bc8 46. Ng2 Ke7 47. Kf4 Bd7 48. Ne3 Kd6 49. Nxf5+ exf5 50. Ne5 Be8 51. Nd3 Bd7 52. Ke3 Be8 53. Nc5 Bc6 54. Kf4 Ba8 55. Nd3 Bc6 56. Ne5 Be8 57. Ke3 Ke6 58. Nd3 Kd6 59. Nf4 Bf7 60. Nd3 Be8 61. Kf4 Bd7 62. Nc1 Bc6 63. Ne2 Be8 64. Ng3 Ke6 65. Ke3 Kd6 66. Ne2 Bd7 67. Nf4 Be8 68. Nd3 Bd7 69. Kf4 Bc6 70. Nc5 Ba8 71. Ke3 Bc6 72. Kf4 1/2-1/2

[Event "Fontenay le Comte Pohu Cup 16th"]
[Site "Fontenay le Comte"]
[Date "2017.06.03"]
[Round "1"]
[White "Galan, Francois"]
[Black "Meyer, Eric"]
[Result "1-0"]
[WhiteElo "2089"]
[BlackElo "1613"]
[PlyCount "47"]
[EventDate "2017.06.03"]
[EventType "swiss"]
[EventRounds "7"]
[EventCountry "FRA"]
[SourceTitle "EXT 2018"]
[Source "ChessBase"]
[SourceDate "2017.10.13"]
[SourceVersion "1"]
[SourceVersionDate "2017.10.13"]
[SourceQuality "1"]

1. e4 c5 2. Nc3 Nc6 3. f4 g6 4. Nf3 Bg7 5. Bb5 a6 6. Bxc6 dxc6 7. 0-0 Qc7 8. d3 b6 9. Qe1 Bd7 10. a3 a5 11. Rb1 Nf6 12. e5 Nd5 13. Ne4 Qb7 14. Qh4 Bf5 15. Re1 Bxe4 16. dxe4 Nc7 17. f5 Nb5 18. c3 a4 19. Be3 Na7 20. Red1 c4 21. Bh6 Bxh6 22. Qxh6 Qc7 23. Qg7 Rf8 24. Ng5 1-0

[Event "Rohde op 10th"]
[Site "Sautron"]
[Date "2010.10.28"]
[Round "7"]
[White "Galan, Francois"]
[Black "Melin, Georges"]
[Result "1-0"]
[WhiteElo "2043"]
[BlackElo "1786"]
[PlyCount "47"]
[EventDate "2010.10.23"]
[EventType "swiss"]
[EventRounds "9"]
[EventCountry "FRA"]
[SourceTitle "EXT 2012"]
[Source "ChessBase"]
[SourceDate "2011.11.24"]
[SourceVersion "1"]
[SourceVersionDate "2011.11.24"]
[SourceQuality "1"]

1. e4 d5 2. exd5 Nf6 3. d4 Nxd5 4. c4 Nb6 5. Nf3 Bg4 6. Be2 e6 7. Be3 Bb4+ 8. Nbd2 0-0 9. Rc1 c5 10. a3 cxd4 11. Nxd4 Bxe2 12. Qxe2 e5 13. Nb5 Bxd2+ 14. Qxd2 Qxd2+ 15. Kxd2 N8d7 16. b4 Rac8 17. Nd6 Rc6 18. c5 Nd5 19. Nxb7 Rb8 20. Na5 Rc7 21. Rhd1 f5 22. f3 Nxe3 23. Kxe3 Rbc8 24. Rd6 1-0

[Event "Rohde op 10th"]
[Site "Sautron"]
[Date "2010.10.26"]
[Round "5"]
[White "Galan, Francois"]
[Black "Auvray, Honorine"]
[Result "1-0"]
[WhiteElo "2043"]
[BlackElo "1697"]
[PlyCount "95"]
[EventDate "2010.10.23"]
[EventType "swiss"]
[EventRounds "9"]
[EventCountry "FRA"]
[SourceTitle "EXT 2012"]
[Source "ChessBase"]
[SourceDate "2011.11.24"]
[SourceVersion "1"]
[SourceVersionDate "2011.11.24"]
[SourceQuality "1"]

1. e4 c5 2. f4 Nc6 3. Nf3 g6 4. Nc3 Bg7 5. g3 e6 6. Bg2 Nge7 7. d3 d6 8. 0-0 Nd4 9. Ne2 Nec6 10. c3 Nxe2+ 11. Qxe2 0-0 12. Be3 b6 13. Rfe1 Ba6 14. Qd2 Qc7 15. Rad1 Rad8 16. Qf2 Rd7 17. f5 exf5 18. exf5 Ne5 19. Nxe5 dxe5 20. f6 Bh8 21. d4 Rfd8 22. d5 Bc4 23. b3 Bxd5 24. Bxd5 Rxd5 25. Rxd5 Rxd5 26. g4 Qd7 27. Qf3 Qe6 28. c4 Rd8 29. g5 h6 30. h4 hxg5 31. hxg5 e4 32. Qg3 Bxf6 33. gxf6 Qxf6 34. Rf1 Qe6 35. Kh2 Rd3 36. Qg5 Qd6+ 37. Kg2 Qd7 38. Rh1 Qf5 39. Qxf5 gxf5 40. Kf2 Kg7 41. Ke2 Kf6 42. Bf4 Rf3 43. Rf1 Rc3 44. Rd1 Rc2+ 45. Rd2 Rxd2+ 46. Kxd2 Kg6 47. Ke3 Kh5 48. Bb8 1-0

[Event "Rohde op 10th"]
[Site "Sautron"]
[Date "2010.10.23"]
[Round "1"]
[White "Galan, Francois"]
[Black "Marholev, Dimitar"]
[Result "0-1"]
[WhiteElo "2043"]
[BlackElo "2407"]
[PlyCount "74"]
[EventDate "2010.10.23"]
[EventType "swiss"]
[EventRounds "9"]
[EventCountry "FRA"]
[SourceTitle "EXT 2012"]
[Source "ChessBase"]
[SourceDate "2011.11.24"]
[SourceVersion "1"]
[SourceVersionDate "2011.11.24"]
[SourceQuality "1"]

1. e4 e5 2. Nf3 Nc6 3. Bb5 g6 4. c3 a6 5. Ba4 d6 6. d4 Bd7 7. 0-0 Bg7 8. d5 Nb8 9. c4 b5 10. Bb3 Nf6 11. Re1 0-0 12. a4 b4 13. a5 Ne8 14. Nfd2 c5 15. Nf1 f5 16. exf5 gxf5 17. f3 Qh4 18. Be3 Nf6 19. Qd2 f4 20. Bf2 Qh5 21. Bc2 Kh8 22. Qe2 Rd8 23. Nfd2 Bf8 24. Kh1 Bc8 25. Ne4 Nxe4 26. Bxe4 Ra7 27. Nd2 Rg7 28. Rg1 Rg5 29. Nf1 Nd7 30. g4 Qh3 31. Bf5 Be7 32. Nd2 Nf6 33. Bxc8 Rxc8 34. Ne4 Nxe4 35. Qxe4 Rcg8 36. b3 h5 37. gxh5 Qxh2+ 0-1

[Event "Rohde op 09th"]
[Site "Sautron"]
[Date "2009.10.24"]
[Round "1"]
[White "Galan, Francois"]
[Black "Meijers, Viesturs"]
[Result "0-1"]
[WhiteElo "2040"]
[BlackElo "2471"]
[PlyCount "72"]
[EventDate "2009.10.24"]
[EventType "swiss"]
[EventRounds "9"]
[EventCountry "FRA"]
[SourceTitle "EXT 2010"]
[Source "ChessBase"]
[SourceDate "2010.11.25"]
[SourceVersion "1"]
[SourceVersionDate "2010.11.25"]
[SourceQuality "1"]

1. e4 c5 2. Nc3 e6 3. f4 a6 4. Nf3 b5 5. d4 cxd4 6. Nxd4 Bb7 7. Bd3 Nf6 8. Qe2 b4 9. Nd1 h5 10. Bd2 d5 11. e5 Ne4 12. Nf3 Nxd2 13. Qxd2 g6 14. Qf2 Nd7 15. Ng5 Nxe5 16. fxe5 Qxg5 17. 0-0 Qe7 18. Kh1 Bg7 19. Qe2 Qg5 20. Re1 h4 21. Nf2 Rh5 22. Ng4 h3 23. g3 Kf8 24. Qf3 Kg8 25. Re2 Rf8 26. Rf1 Kh8 27. Kg1 a5 28. b3 Qe7 29. Qf4 Kg8 30. Ref2 Qg5 31. Re2 Qxf4 32. Rxf4 Rc8 33. Kf1 Rf5 34. Bxf5 gxf5 35. Nf2 Ba6 36. Nd3 Rxc2 0-1

[Event "Rohde op 08th"]
[Site "Sautron"]
[Date "2008.10.30"]
[Round "7"]
[White "Galan, Francois"]
[Black "Bailet, Pierre"]
[Result "0-1"]
[WhiteElo "2061"]
[BlackElo "2306"]
[PlyCount "144"]
[EventDate "2008.10.25"]
[EventType "swiss"]
[EventRounds "9"]
[EventCountry "FRA"]
[SourceTitle "EXT 2009"]
[Source "ChessBase"]
[SourceDate "2008.11.26"]
[SourceVersion "1"]
[SourceVersionDate "2008.11.26"]
[SourceQuality "1"]

1. e4 c5 2. Nc3 Nc6 3. f4 g6 4. Nf3 Bg7 5. Bb5 Nd4 6. 0-0 Nxb5 7. Nxb5 d5 8. exd5 a6 9. Na3 Qxd5 10. d3 Nf6 11. Nc4 Qd8 12. a4 b6 13. Qe1 0-0 14. Kh1 Bb7 15. Bd2 Qc7 16. Qh4 Rad8 17. Rae1 Rd5 18. Nce5 b5 19. Re2 Nh5 20. Ng5 Bxe5 21. fxe5 Rxe5 22. Ref2 Qc6 23. axb5 axb5 24. Nf3 Re6 25. Ng5 Rf6 26. Ne4 Rxf2 27. Qxf2 c4 28. Bb4 Qc7 29. Nc3 cxd3 30. cxd3 Qe5 31. d4 Qg5 32. d5 Bxd5 33. Nxd5 Qxd5 34. Bxe7 Re8 35. Bb4 Ng7 36. Re1 Re4 37. Rxe4 Qxe4 38. Be1 Nf5 39. h3 Ne3 40. Bd2 Nf5 41. Qb6 Ng3+ 42. Kh2 Nf1+ 43. Kh1 Nxd2 44. Qd8+ Kg7 45. Qxd2 b4 46. Kh2 h5 47. Qf2 g5 48. Kh1 g4 49. hxg4 hxg4 50. Kh2 Qe5+ 51. g3 b3 52. Qd2 Qh5+ 53. Kg1 Qc5+ 54. Kh1 Qc6+ 55. Kg1 Qb6+ 56. Kg2 Qf6 57. Kg1 Qe5 58. Kh2 Qc5 59. Kh1 f6 60. Qd7+ Kh6 61. Qxg4 Qc1+ 62. Kh2 Qxb2+ 63. Kh3 Qe5 64. Qg8 Qf5+ 65. g4 Qf3+ 66. Kh4 Qf2+ 67. Kh3 Qe3+ 68. Kh2 Qd3 69. Qf8+ Kg5 70. Qg8+ Kh4 71. Qh8+ Kxg4 72. Kh1 Qf1+ 0-1

[Event "Rohde op 08th"]
[Site "Sautron"]
[Date "2008.10.26"]
[Round "2"]
[White "Lemercier, Patrick"]
[Black "Galan, Francois"]
[Result "1-0"]
[WhiteElo "1830"]
[BlackElo "2061"]
[PlyCount "53"]
[EventDate "2008.10.25"]
[EventType "swiss"]
[EventRounds "9"]
[EventCountry "FRA"]
[SourceTitle "EXT 2009"]
[Source "ChessBase"]
[SourceDate "2008.11.26"]
[SourceVersion "1"]
[SourceVersionDate "2008.11.26"]
[SourceQuality "1"]

1. c4 g6 2. d4 Bg7 3. Nf3 d6 4. Nc3 Nc6 5. d5 Ne5 6. Nxe5 Bxe5 7. e4 Bg7 8. Be3 Nf6 9. Qd2 Ng4 10. Bd4 Bh6 11. f4 0-0 12. h3 Nf6 13. g4 Bg7 14. g5 Nh5 15. Bxg7 Nxg7 16. Be2 c5 17. 0-0-0 Bd7 18. h4 b5 19. cxb5 a6 20. bxa6 Qb6 21. h5 gxh5 22. Bxh5 Nxh5 23. Rxh5 Bg4 24. Rxh7 Rfb8 25. Rdh1 f5 26. Qh2 Bh3 27. Rxh3 1-0

[Event "Gorges op 15th"]
[Site "Gorges"]
[Date "2005.07.??"]
[Round "2"]
[White "Galan, Francois"]
[Black "Blancho, Gwenael"]
[Result "1-0"]
[WhiteElo "2110"]
[BlackElo "1885"]
[PlyCount "53"]
[EventDate "2005.07.??"]
[EventType "swiss"]
[EventRounds "7"]
[EventCountry "FRA"]
[SourceTitle "EXT 2006"]
[Source "ChessBase"]
[SourceDate "2005.11.24"]
[SourceVersion "1"]
[SourceVersionDate "2005.11.24"]
[SourceQuality "1"]

1. e4 c5 2. Nc3 Nc6 3. f4 g6 4. Nf3 Bg7 5. Bb5 Nd4 6. 0-0 a6 7. Bd3 e6 8. e5 d5 9. Nxd4 cxd4 10. Ne2 Ne7 11. c3 dxc3 12. dxc3 Qb6+ 13. Nd4 0-0 14. Qe2 Nc6 15. Be3 Nxd4 16. Bxd4 Qc6 17. a4 f6 18. h4 Bd7 19. h5 f5 20. a5 Be8 21. g4 Rc8 22. Kh1 Kf7 23. gxf5 gxf5 24. Rg1 Bh6 25. Qf2 Ke7 26. b4 Kd7 27. b5 1-0

[Event "Gorges op 15th"]
[Site "Gorges"]
[Date "2005.07.??"]
[Round "3"]
[White "Jaunet, Mickael"]
[Black "Galan, Francois"]
[Result "1-0"]
[WhiteElo "2005"]
[BlackElo "2110"]
[PlyCount "76"]
[EventDate "2005.07.??"]
[EventType "swiss"]
[EventRounds "7"]
[EventCountry "FRA"]
[SourceTitle "EXT 2006"]
[Source "ChessBase"]
[SourceDate "2005.11.24"]
[SourceVersion "1"]
[SourceVersionDate "2005.11.24"]
[SourceQuality "1"]

1. d4 Nf6 2. Nf3 c5 3. dxc5 e6 4. c4 Bxc5 5. Nc3 Nc6 6. g3 Qb6 7. e3 0-0 8. Bg2 d5 9. cxd5 Rd8 10. 0-0 exd5 11. Na4 Qb5 12. Nxc5 Qxc5 13. b3 Qe7 14. Bb2 Bf5 15. Nd4 Bg6 16. Nxc6 bxc6 17. Rc1 Qe6 18. Qd4 Re8 19. Rc5 Rac8 20. Rfc1 Red8 21. Qa4 Ne4 22. Rxc6 Rxc6 23. Qxc6 Qf5 24. f3 Nd6 25. Rd1 Qe6 26. e4 dxe4 27. fxe4 Nb7 28. Rxd8+ Nxd8 29. Qc7 Qb6+ 30. Qxb6 axb6 31. Kf2 f6 32. Ke3 Nc6 33. Bc3 Bf7 34. Bf1 Kf8 35. Bb5 Be8 36. a4 Ke7 37. Bb2 Kd6 38. Ba3+ Ke6 1-0